MyGZULibrary

Plant biochemistry / (Record no. 1183)

MARC details
000 -LEADER
fixed length control field 01265cam a22003497a 4500
001 - CONTROL NUMBER
control field 13750985
003 - CONTROL NUMBER IDENTIFIER
control field GZU
005 - DATE AND TIME OF LATEST TRANSACTION
control field 20200929121823.0
008 - FIXED-LENGTH DATA ELEMENTS--GENERAL INFORMATION
fixed length control field 041014s2005 ne a tb 000 0 eng d
010 ## - LIBRARY OF CONGRESS CONTROL NUMBER
LC control number 2004302858
020 ## - INTERNATIONAL STANDARD BOOK NUMBER
International Standard Book Number 0120883910
020 ## - INTERNATIONAL STANDARD BOOK NUMBER
International Standard Book Number 9788131200032
035 ## - SYSTEM CONTROL NUMBER
System control number (OCoLC)ocm56543272
040 ## - CATALOGING SOURCE
Original cataloging agency AFD
Transcribing agency AFD
Modifying agency KUK
-- DLC
041 1# - LANGUAGE CODE
Language code of text/sound track or separate title eng
Language code of original ger
042 ## - AUTHENTICATION CODE
Authentication code lccopycat
050 00 - LIBRARY OF CONGRESS CALL NUMBER
Classification number QK861
Item number .HEL 2005
100 1# - MAIN ENTRY--PERSONAL NAME
Personal name Heldt, Hans-Walter.
Relator term author
240 10 - UNIFORM TITLE
Uniform title Pflanzenbiochemie.
Language of a work English
245 10 - TITLE STATEMENT
Title Plant biochemistry /
Statement of responsibility, etc. by Hans-Walter Heldt in cooperation with Fiona Heldt.
250 ## - EDITION STATEMENT
Edition statement An update and translation of the German third edition.
260 ## - PUBLICATION, DISTRIBUTION, ETC.
Place of publication, distribution, etc. Amsterdam ;
-- Boston :
-- Elsevier Academic Press,
Date of publication, distribution, etc. c2005.
300 ## - PHYSICAL DESCRIPTION
Extent xxvi, 630 p. :
Other physical details ill. (some col.) ;
Dimensions 28 cm.
504 ## - BIBLIOGRAPHY, ETC. NOTE
Bibliography, etc. note Includes bibliographical references and index.
650 #0 - SUBJECT ADDED ENTRY--TOPICAL TERM
Topical term or geographic name entry element Botanical chemistry.
650 #0 - SUBJECT ADDED ENTRY--TOPICAL TERM
Topical term or geographic name entry element Plant molecular biology.
700 1# - ADDED ENTRY--PERSONAL NAME
Personal name Heldt, Fiona.
Relator term author
856 41 - ELECTRONIC LOCATION AND ACCESS
Materials specified Table of contents
Uniform Resource Identifier <a href="http://www.loc.gov/catdir/toc/els051/2004302858.html">http://www.loc.gov/catdir/toc/els051/2004302858.html</a>
856 42 - ELECTRONIC LOCATION AND ACCESS
Materials specified Publisher description
Uniform Resource Identifier <a href="http://www.loc.gov/catdir/description/els051/2004302858.html">http://www.loc.gov/catdir/description/els051/2004302858.html</a>
906 ## - LOCAL DATA ELEMENT F, LDF (RLIN)
a 7
b cbc
c copycat
d 2
e ncip
f 20
g y-gencatlg
942 ## - ADDED ENTRY ELEMENTS (KOHA)
Source of classification or shelving scheme Library of Congress Classification
Koha item type Books
Edition 3rd ed.
Classification part 861
Item part HEL
Call number prefix QK
Holdings
Withdrawn status Lost status Source of classification or shelving scheme Damaged status Not for loan Collection code Home library Current library Shelving location Date acquired Total Checkouts Full call number Barcode Date last seen Date last checked out Copy number Price effective from Koha item type
    Library of Congress Classification     Non-fiction City Campus Library City Campus Library General Stacks 11/16/2015 1 QK861 HEL 2005 022831 09/19/2024 09/12/2024 c. 1 09/29/2020 Books
    Library of Congress Classification     Non-fiction City Campus Library City Campus Library General Stacks 11/16/2015 1 QK861 HEL 2005 022830 10/30/2024 10/23/2024 c. 2 09/29/2020 Books